<?xml version="1.0" encoding="UTF-8"?>
<collection xmlns="http://www.loc.gov/MARC21/slim">
<record>
  <controlfield tag="001">156522</controlfield>
  <controlfield tag="005">20250516093847.0</controlfield>
  <datafield tag="037" ind1=" " ind2=" ">
    <subfield code="a">TAZ-TFG-2015-812</subfield>
  </datafield>
  <datafield tag="041" ind1=" " ind2=" ">
    <subfield code="a">spa</subfield>
  </datafield>
  <datafield tag="100" ind1="1" ind2=" ">
    <subfield code="a">Moreno Ruiz, Marta</subfield>
  </datafield>
  <datafield tag="245" ind1="0" ind2="0">
    <subfield code="a">Perfil y resultados tras fibrinólisis en pacientes con ictus atendidos en el Hospital Obispo Polanco de Teruel</subfield>
  </datafield>
  <datafield tag="260" ind1=" " ind2=" ">
    <subfield code="a">Zaragoza</subfield>
    <subfield code="b">Universidad de Zaragoza</subfield>
    <subfield code="c">2015</subfield>
  </datafield>
  <datafield tag="500" ind1=" " ind2=" ">
    <subfield code="a">Resumen disponible también en inglés.</subfield>
  </datafield>
  <datafield tag="506" ind1=" " ind2=" ">
    <subfield code="a">by-nc-sa</subfield>
    <subfield code="b">Creative Commons</subfield>
    <subfield code="c">3.0</subfield>
    <subfield code="u">http://creativecommons.org/licenses/by-nc-sa/3.0/</subfield>
  </datafield>
  <datafield tag="520" ind1=" " ind2=" ">
    <subfield code="a">El ictus isquémico es una enfermedad compleja y una urgencia sanitaria que constituye un gran problema de salud pública por la morbimortalidad que conlleva. Por ello, se han desarrollado protocolos de actuación, los denominados “Código Ictus”, para ofrecer una asistencia rápida y especializada que permita reestablecer el flujo sanguíneo cerebral en los casos en que sea posible mediante el uso del fibrinolítico rtPA y así minimizar riesgos. El objetivo principal consiste en conocer la eficacia del tratamiento fibrinolítico que han recibido los pacientes con ictus isquémicos susceptibles de beneficiarse de éste desde la implantación del Código Ictus en el Hospital Obispo Polanco de Teruel. El estudio es de tipo descriptivo retrospectivo sobre las características y evolución de los pacientes con ictus isquémico agudo tratados con rtPA en el Hospital Obispo Polanco (HOP) de Teruel desde enero de 2012 hasta diciembre de 2014. Así mismo, se comprobó si la atención sanitaria prestada se corresponde con una atención de calidad en base a unos criterios de calidad definidos por un consenso de expertos. En cuanto a los resultados obtenidos, se estudiaron 25 pacientes y se encontraron resultados favorables sobre eficacia del tratamiento (mRS ≤2 a los 90 días) en 41,7% de los casos. La edad media fue 72,74 años, el 95,8% presentaron algún factor de riego y un 28% sufrió algún tipo de complicación. El tiempo medio en realizar la TC (puerta-TC) es de 40 min y en administrar el tratamiento (puerta-aguja) es de 54 min.  Para concluir, decir que resulta complicado comparar los resultados obtenidos debido al pequeño tamaño muestral pero los resultados satisfactorios sobre eficacia del tratamiento son inferiores a los observados en otros estudios. La atención prestada no cumple el 100% de los criterios de calidad.&lt;br /></subfield>
  </datafield>
  <datafield tag="521" ind1=" " ind2=" ">
    <subfield code="a">Graduado en Enfermería</subfield>
  </datafield>
  <datafield tag="540" ind1=" " ind2=" ">
    <subfield code="a">Derechos regulados por licencia Creative Commons</subfield>
  </datafield>
  <datafield tag="700" ind1=" " ind2=" ">
    <subfield code="a">Montón Dito, José María</subfield>
    <subfield code="e">dir.</subfield>
  </datafield>
  <datafield tag="710" ind1="2" ind2=" ">
    <subfield code="a">Universidad de Zaragoza</subfield>
    <subfield code="b">Fisiatría y Enfermería</subfield>
    <subfield code="c">Enfermería</subfield>
  </datafield>
  <datafield tag="856" ind1="0" ind2=" ">
    <subfield code="f">510239@celes.unizar.es</subfield>
  </datafield>
  <datafield tag="856" ind1="4" ind2=" ">
    <subfield code="s">1129636</subfield>
    <subfield code="u">http://zaguan.unizar.es/record/156522/files/TAZ-TFG-2015-812.pdf</subfield>
    <subfield code="y">Memoria (spa)</subfield>
  </datafield>
  <datafield tag="909" ind1="C" ind2="O">
    <subfield code="o">oai:zaguan.unizar.es:156522</subfield>
    <subfield code="p">driver</subfield>
    <subfield code="p">trabajos-fin-grado</subfield>
  </datafield>
  <datafield tag="950" ind1=" " ind2=" ">
    <subfield code="a"></subfield>
  </datafield>
  <datafield tag="980" ind1=" " ind2=" ">
    <subfield code="a">TAZ</subfield>
    <subfield code="b">TFG</subfield>
    <subfield code="c">ENFTER</subfield>
  </datafield>
  <datafield tag="951" ind1=" " ind2=" ">
    <subfield code="a">deposita:2025-05-16</subfield>
  </datafield>
</record>
</collection>